[Event "It (open)"]
[Site "masterchessopen.com - masterchessopen.com - Balatonbereny (Hungary)"]
[Round "0"]
[White "Horvath Miklosne (HUN)"]
[Black "Bagonyai Attila (HUN)"]
[Result "0-1"]
[WhiteElo "2130"]
[BlackElo "2343"]

1.d4 Nf6 2.c4 c5 3.d5 b5 4.cxb5 a6 5.b6 e6 6.Nc3 exd5 7.Nxd5 Nxd5 8.Qxd5 Nc6
9.e3 Be7 10.Bc4 O-O 11.Bd2 Bb7 12.Qf5 g6 13.Qf4 d5 14.Bb3 c4 15.Bd1 Qxb6
16.Bc3 d4 17.Bxd4 Nxd4 18.Qxd4 Bc5 19.Qg4 Qxb2 {#R} 0-1

[Event "Bundesliga (w)"]
[Site "masterchessopen.com - masterchessopen.com - Germany"]
[Round "0"]
[White "Lippert Grit"]
[Black "Skibbe Diana (GER)"]
[Result "0-1"]
[WhiteElo "1995"]
[BlackElo "2105"]

1.d4 Nf6 2.c4 c5 3.d5 b5 4.cxb5 a6 5.b6 d6 6.Nc3 Nbd7 7.e4 g6 8.f4 Bg7 9.Nf3
O-O 10.Be2 Nxb6 11.O-O Bb7 12.Rb1 e6 13.dxe6 Nxe4 14.exf7+ Rxf7 15.Qb3 c4
16.Bxc4 Nxc4 17.Qxc4 Qb6+ 18.Kh1 Bxc3 19.Be3 Qxe3 20.bxc3 Qc5 {#R} 0-1

[Event "It"]
[Site "masterchessopen.com - masterchessopen.com - Helsinki (Finland)"]
[Round "1"]
[White "Norri Joose (FIN)"]
[Black "Maki Veijo (FIN)"]
[Result "1-0"]
[WhiteElo "2291"]
[BlackElo "2400"]

1.d4 Nf6 2.c4 c5 3.d5 b5 4.cxb5 a6 5.b6 a5 6.Nc3 Ba6 7.f4 d6 8.Nf3 Nbd7 9.b7
Rb8 10.e4 Bxf1 11.Rxf1 Nb6 12.e5 dxe5 13.fxe5 Nfxd5 14.Ng5 f6 15.Ne6 Qd7
16.Nxd5 Rxb7 17.Nxf8 Rxf8 18.Nxb6 {#r} 1-0

[Event "It (open)"]
[Site "masterchessopen.com - masterchessopen.com - Hospitalet de Llobregat (Spain)"]
[Round "2"]
[White "Suba Mihai (ROM)"]
[Black "Peters Ortwin (GER)"]
[Result "1-0"]
[WhiteElo "2500"]
[BlackElo "2033"]

1.d4 Nf6 2.c4 c5 3.d5 b5 4.cxb5 a6 5.b6 e6 6.Nc3 exd5 7.Nxd5 Nxd5 8.Qxd5 Nc6
9.e4 Be7 10.Nf3 Qxb6 11.Bc4 O-O 12.O-O Na5 13.Ne5 Bb7 14.Qxd7 Bf6 15.Bxf7+ Kh8
16.Ng6+ {#r} 1-0

[Event "It (open)"]
[Site "masterchessopen.com - masterchessopen.com - Komotini (Greece)"]
[Round "7"]
[White "Lakakis Ioannis (GRE)"]
[Black "Giaidzi Aspasia (GRE)"]
[Result "0-1"]
[WhiteElo "1810"]
[BlackElo "2052"]

1.d4 Nf6 2.c4 c5 3.d5 b5 4.cxb5 a6 5.Nc3 axb5 6.Nxb5 Bb7 7.Nc3 Na6 8.e4 Qc7
9.f4 e6 10.d6 Qb6 11.e5 Nd5 12.Nf3 Nab4 13.a3 c4 14.Na4 Rxa4 15.Qxa4 Bc6
16.Qd1 Ne3 17.Bxe3 Qxe3+ 18.Be2 Nd3+ {#R} 0-1

[Event "It (open) \"]
[Site "masterchessopen.com - masterchessopen.com - Pardubice (Czech Republic)"]
[Round "2"]
[White "Grabuzova Tatiana (RUS)"]
[Black "Nun Jiri (CZE)"]
[Result "1-0"]
[WhiteElo "2336"]
[BlackElo "2372"]

1.d4 Nf6 2.c4 c5 3.d5 b5 4.cxb5 a6 5.e3 Bb7 6.Nc3 axb5 7.Bxb5 Qa5 8.Ne2 Nxd5
9.O-O Nc7 10.Bc4 e6 11.e4 Be7 12.Ng3 Nc6 13.Be3 Rd8 14.Nh5 g6 15.Ng7+ Kf8
16.Bh6 Kg8 17.Nh5 Ne5 18.Qd6 {#r} 1-0

[Event "Ch Italy (juniors)"]
[Site "masterchessopen.com - masterchessopen.com - Rimini (Italy)"]
[Round "0"]
[White "Bartolini Tommaso (ITA)"]
[Black "Schacher Gerd (ITA)"]
[Result "1-0"]
[WhiteElo "2183"]
[BlackElo "2340"]

1.d4 Nf6 2.c4 c5 3.d5 b5 4.cxb5 a6 5.e3 g6 6.Nc3 Bg7 7.Nf3 O-O 8.a4 Bb7 9.Be2
e6 10.dxe6 fxe6 11.O-O axb5 12.Nxb5 d5 13.b3 e5 14.Nxe5 Ng4 15.Nxg4 Bxa1
16.Ba3 Bg7 17.Bxc5 Rf7 18.Nd6 Rd7 19.Nxb7 Rxb7 20.Bf3 Rd7 21.Bd4 {#r} 1-0

[Event "It (open)"]
[Site "masterchessopen.com - masterchessopen.com - Sevilla (Spain)"]
[Round "0"]
[White "Ballesteros David (ESP)"]
[Black "Komljenovic Davor (CRO)"]
[Result "0-1"]
[WhiteElo "2195"]
[BlackElo "2450"]

1.d4 Nf6 2.c4 c5 3.d5 b5 4.cxb5 a6 5.b6 Qxb6 6.a4 e6 7.Nc3 exd5 8.Nxd5 Nxd5
9.Qxd5 Nc6 10.Nf3 Be7 11.e3 Bb7 12.a5 Nxa5 13.Qe5 Nb3 14.Rb1 Qg6 15.Bc4 Qxb1
16.O-O Qg6 17.Nh4 Qf6 {#R} 0-1

[Event "It (open)"]
[Site "masterchessopen.com - masterchessopen.com - Tunisia"]
[Round "3"]
[White "Haddad Yazeed (JOR)"]
[Black "Kaabi Mejdi (TUN)"]
[Result "0-1"]
[WhiteElo "2026"]
[BlackElo "2344"]

1.d4 Nf6 2.c4 c5 3.d5 b5 4.cxb5 a6 5.e3 axb5 6.Bxb5 Qa5+ 7.Nc3 Bb7 8.Bd2 Qb6
9.Bc4 e6 10.Qf3 Na6 11.Nge2 Nb4 12.Bb3 exd5 13.Nf4 c4 14.Ba4 d4 {#R} 0-1

[Event "It (open) \"]
[Site "masterchessopen.com - masterchessopen.com - Paris (France)"]
[Round "0"]
[White "Chochoy Patrick (FRA)"]
[Black "Reams C"]
[Result "0-1"]
[WhiteElo "1741"]
[BlackElo "1770"]

1.d4 Nf6 2.c4 c5 3.d5 b5 4.cxb5 a6 5.Nc3 axb5 6.e4 b4 7.Nb5 d6 8.Bf4 g5 9.Bxg5
Nxe4 10.Bd2 Bg7 11.Bd3 Nf6 12.Bc4 Bb7 13.Bf4 O-O 14.Nf3 Nbd7 15.O-O Nb6 16.Bd3
Bxd5 17.Nh4 Be6 18.Qf3 Qd7 19.h3 c4 {#R} 0-1

[Event "It (open)"]
[Site "masterchessopen.com - masterchessopen.com - Bellheim (Germany)"]
[Round "0"]
[White "Mueller Uwe (GER)"]
[Black "Kratz Roland (GER)"]
[Result "1-0"]
[WhiteElo "2195"]
[BlackElo "1845"]

1.d4 Nf6 2.c4 c5 3.d5 b5 4.cxb5 a6 5.Nc3 axb5 6.e4 b4 7.Nb5 d6 8.Bf4 Nbd7
9.Nf3 g6 10.e5 dxe5 11.Nxe5 Nh5 12.Nc6 Nxf4 13.Nxd8 Kxd8 14.Qf3 Nh5 {#r} 1-0

[Event "Ch Spain (team)"]
[Site "masterchessopen.com - masterchessopen.com - Cala Galdana (Spain)"]
[Round "7"]
[White "Galiana Juan Ramon (ESP)"]
[Black "Mendoza Lucas (ESP)"]
[Result "0-1"]
[WhiteElo "2320"]
[BlackElo "2285"]

1.d4 Nf6 2.c4 c5 3.d5 b5 4.cxb5 a6 5.f3 d6 6.e4 g6 7.Nc3 Bg7 8.Bd3 O-O 9.Nge2
axb5 10.Nxb5 e6 11.dxe6 Bxe6 12.O-O Qb6 13.Be3 d5 14.b4 Na6 15.bxc5 Nxc5
16.Rb1 dxe4 17.fxe4 Ng4 18.Bd4 Bxd4+ 19.Nexd4 Qd6 20.Nxe6 Qxh2# 0-1

[Event "Ch Norway"]
[Site "masterchessopen.com - masterchessopen.com - Drammen (Norway)"]
[Round "4"]
[White "Fyllingen Roy Harald (NOR)"]
[Black "Grotnes Nils (NOR)"]
[Result "1-0"]
[WhiteElo "2330"]
[BlackElo "2325"]

1.d4 Nf6 2.c4 c5 3.d5 b5 4.cxb5 a6 5.f3 e6 6.e4 exd5 7.exd5 d6 8.Nc3 Be7
9.Nge2 O-O 10.Ng3 Nbd7 11.a4 Nb6 12.bxa6 Bxa6 13.Bxa6 Rxa6 14.O-O Qa8 15.Nf5
Nbxd5 16.Nxd5 Nxd5 17.Qxd5 {#r} 1-0

[Event "It (open)"]
[Site "masterchessopen.com - masterchessopen.com - Groningen (Netherlands)"]
[Round "9"]
[White "Van Esch Sebastian (NED)"]
[Black "Van Riemsdijk Herman C (BRA)"]
[Result "0-1"]
[WhiteElo "2206"]
[BlackElo "2420"]

1.d4 Nf6 2.c4 c5 3.d5 b5 4.cxb5 a6 5.Nc3 axb5 6.e4 b4 7.Nb5 d6 8.Bc4 Nbd7 9.a4
g6 10.b3 Bg7 11.Bb2 O-O 12.Qe2 Nb6 13.Bd3 e6 14.dxe6 Bxe6 15.Qc2 d5 16.O-O-O
c4 17.Bxc4 Rc8 18.e5 Ne4 19.f3 Nxc4 {#R} 0-1

[Event "It \"]
[Site "masterchessopen.com - masterchessopen.com - Jyvaskyla (Finland)"]
[Round "1"]
[White "Allekand Louisa (EST)"]
[Black "Bagirov Vladimir (LAT)"]
[Result "0-1"]
[WhiteElo "2005"]
[BlackElo "2525"]

1.d4 Nf6 2.c4 c5 3.d5 b5 4.cxb5 a6 5.Nc3 axb5 6.e4 b4 7.Nb5 d6 8.Bf4 g5 9.e5
gxf4 10.exf6 Nd7 11.fxe7 Qxe7+ 12.Qe2 Ne5 13.Nf3 Bg7 14.Nxe5 Bxe5 15.Kd1 Bf5
16.g3 Kd8 17.Qd2 Re8 18.Bc4 f3 19.a4 Qf6 20.Kc1 Qg6 21.Rd1 Bg7 {#R} 0-1

[Event "It (open)"]
[Site "masterchessopen.com - masterchessopen.com - Muenster (Germany)"]
[Round "5"]
[White "Beckhuis Gernod (GER)"]
[Black "Movsziszian Karen (ARM)"]
[Result "1-0"]
[WhiteElo "2297"]
[BlackElo "2525"]

1.d4 Nf6 2.c4 c5 3.d5 b5 4.cxb5 a6 5.e3 g6 6.Nc3 Bg7 7.Nf3 O-O 8.a4 e6 9.dxe6
fxe6 10.Qd6 Qa5 11.Bd2 Bb7 12.Be2 Qb4 13.O-O a5 14.Qc7 Bxf3 15.Bxf3 Qxb2
16.Bxa8 Qxd2 17.Rac1 d5 18.Qd6 d4 19.exd4 cxd4 20.Ne4 Nbd7 21.Nxd2 {#r} 1-0

[Event "It (open)"]
[Site "masterchessopen.com - masterchessopen.com - Tarragona (Spain)"]
[Round "1"]
[White "Pol Valveny Ramon (ESP)"]
[Black "Moro Adame Antonio (ESP)"]
[Result "0-1"]
[WhiteElo "1976"]
[BlackElo "2138"]

1.d4 Nf6 2.c4 c5 3.d5 b5 4.cxb5 a6 5.b6 Qxb6 6.Nc3 d6 7.e4 g6 8.f4 Bg7 9.Nf3
O-O 10.a4 Qb4 11.Qc2 Nxe4 12.Bd3 Nxc3 13.Bd2 c4 14.Be2 Bb7 15.bxc3 Qc5 16.Qc1
Bxd5 17.Be3 Qa5 18.Bd2 Nd7 19.O-O Nc5 20.Rb1 Rab8 21.Qc2 Be4 {#R} 0-1

[Event "Ch Slovakia (juniors) (under 18)"]
[Site "masterchessopen.com - masterchessopen.com - Trnava (Slovakia)"]
[Round "5"]
[White "Szitkey Richard (SVK)"]
[Black "Machata Martin (SVK)"]
[Result "0-1"]
[WhiteElo "1865"]
[BlackElo "2227"]

1.d4 Nf6 2.c4 c5 3.d5 b5 4.cxb5 a6 5.Nc3 axb5 6.Bf4 d6 7.Nxb5 Qa5+ 8.Nc3 g6
9.Bd2 Qb6 10.Qc2 Bg7 11.e4 O-O 12.Bc4 Ba6 13.Bxa6 Nxa6 14.Nge2 Rfb8 15.Na4 Qb5
16.Nec3 Nb4 17.Qb1 Qa6 18.b3 Nd3+ 19.Kf1 Ng4 20.f3 Nf4+ 21.Kg1 Bd4+ {#R} 0-1

[Event "Memorial A.Zaitsev"]
[Site "masterchessopen.com - masterchessopen.com - Vladivostok (Russia)"]
[Round "7"]
[White "Korniushin Nikolay (RUS)"]
[Black "Vitinik Mikhail (RUS)"]
[Result "1-0"]
[WhiteElo "2337"]
[BlackElo "2241"]

1.d4 Nf6 2.c4 c5 3.d5 b5 4.cxb5 a6 5.Nc3 axb5 6.e4 b4 7.Nb5 d6 8.Nf3 Qa5 9.e5
dxe5 10.Nxe5 Ne4 11.Bc4 Nd6 12.Qe2 Qb6 13.Bf4 Nxb5 14.Bxb5+ Bd7 15.Nc4 Qf6
16.Be5 Qg6 17.Nd6+ exd6 18.Bf6+ {#r} 1-0

[Event "It (open)"]
[Site "masterchessopen.com - masterchessopen.com - Aschach (Austria)"]
[Round "2"]
[White "Fuchs Florian (GER)"]
[Black "Kranzl Peter (AUT)"]
[Result "0-1"]
[WhiteElo "2099"]
[BlackElo "2245"]

1.d4 Nf6 2.c4 c5 3.d5 b5 4.cxb5 a6 5.g3 axb5 6.Bg2 d6 7.e4 g6 8.Ne2 Bg7 9.O-O
O-O 10.Nd2 Nbd7 11.f4 c4 12.Kh1 Nc5 13.e5 Ng4 14.Ne4 Nb3 15.axb3 Rxa1 16.h3
Ne3 17.Qd2 Nxf1 18.Bxf1 dxe5 19.bxc4 bxc4 20.N2c3 Qb6 {#R} 0-1

[Event "Ch Bayern"]
[Site "masterchessopen.com - masterchessopen.com - Bayern (Germany)"]
[Round "5"]
[White "Eckstein Bernd (GER)"]
[Black "Blodig Reinhard (GER)"]
[Result "1-0"]
[WhiteElo "2196"]
[BlackElo "2118"]

1.d4 Nf6 2.c4 c5 3.d5 b5 4.cxb5 a6 5.f3 e6 6.Nc3 Bb7 7.e4 exd5 8.exd5 Bd6
9.Bc4 O-O 10.Nge2 Be5 11.Qd3 d6 12.O-O axb5 13.Nxb5 Qb6 14.f4 Bd4+ 15.Nexd4
cxd4 16.Qxd4 Qxd4+ 17.Nxd4 Nxd5 18.Nf5 Rd8 19.Bxd5 {#r} 1-0

[Event "It (cat.8)"]
[Site "masterchessopen.com - masterchessopen.com - Budapest (Hungary)"]
[Round "0"]
[White "Gonzalez Garcia Jose (MEX)"]
[Black "Gyimesi Zoltan (HUN)"]
[Result "0-1"]
[WhiteElo "2375"]
[BlackElo "2525"]

1.d4 Nf6 2.c4 c5 3.d5 b5 4.cxb5 a6 5.f3 axb5 6.e4 Qa5+ 7.b4 Qxb4+ 8.Bd2 Qa4
9.Qc1 Qa7 10.Bxb5 Na6 11.Ne2 g6 12.Nbc3 Nc7 13.Bc4 d6 14.Nb5 Nxb5 15.Bxb5+ Bd7
16.Bxd7+ Qxd7 17.Bh6 Qb5 18.Kf2 Qa4 19.Rd1 Bxh6 20.Qxh6 Qxe4 21.Qg7 Qh4+ {#R}
0-1

[Event "Memorial Elekes"]
[Site "masterchessopen.com - masterchessopen.com - Budapest (Hungary)"]
[Round "0"]
[White "Gonzalez Garcia Jose (MEX)"]
[Black "Fogarasi Tibor (HUN)"]
[Result "0-1"]
[WhiteElo "2375"]
[BlackElo "2515"]

1.d4 Nf6 2.c4 c5 3.d5 b5 4.cxb5 a6 5.f3 e6 6.e4 c4 7.Nc3 axb5 8.dxe6 fxe6 9.e5
b4 10.Nb5 Nd5 11.Qd4 Nc6 12.Qe4 b3 13.a4 Ncb4 14.Na3 Rxa4 15.Bxc4 Rxa3 16.Rxa3
Nc2+ 17.Kf1 Nxa3 18.bxa3 Qb6 19.Bb2 Ne3+ 20.Ke1 Qa5+ 21.Kf2 Nd1+ {#R} 0-1

[Event "It"]
[Site "masterchessopen.com - masterchessopen.com - Cannes (France)"]
[Round "1"]
[White "Kalantarian Norik (ARM)"]
[Black "Rouchouse Stevens (MNC)"]
[Result "1-0"]
[WhiteElo "2495"]
[BlackElo "2213"]

1.d4 Nf6 2.c4 c5 3.d5 b5 4.cxb5 a6 5.b6 Qxb6 6.Nc3 g6 7.e4 d6 8.f4 Bg7 9.Nf3
O-O 10.Be2 a5 11.O-O Ba6 12.Kh1 Ne8 13.f5 Nc7 14.Qc2 Nb5 15.Nxb5 Bxb5 16.Qb3
Bxe2 17.Qxb6 Bxf1 18.Bg5 Bd3 19.Bxe7 {#r} 1-0

[Event "n) (b"]
[Site "masterchessopen.com - masterchessopen.com - Eger (Hungary)"]
[Round "0"]
[White "Gladyszev Oleg (RUS)"]
[Black "Vajda Albert (ROM)"]
[Result "1-0"]
[WhiteElo "2280"]
[BlackElo "2345"]

1.d4 Nf6 2.c4 c5 3.d5 b5 4.cxb5 a6 5.Nc3 Bb7 6.e4 axb5 7.a4 e6 8.Bxb5 Qa5
9.Bd2 Qb6 10.Nf3 exd5 11.exd5 Nxd5 12.O-O Nc7 13.Re1+ Be7 14.Bf4 Bc6 15.Bxc7
Qxc7 16.Nd5 Bxd5 17.Qxd5 Ra7 18.Qg5 {#r} 1-0

[Event "It (open)"]
[Site "masterchessopen.com - masterchessopen.com - Hastings (England)"]
[Round "6"]
[White "Bersoult Francois (FRA)"]
[Black "Kennaugh Charles (ENG)"]
[Result "0-1"]
[WhiteElo "2193"]
[BlackElo "2310"]

1.d4 Nf6 2.c4 c5 3.d5 b5 4.cxb5 a6 5.f3 axb5 6.e4 e6 7.Bxb5 Ba6 8.Bxa6 Nxa6
9.Nc3 c4 10.Nh3 Bc5 11.b3 cxb3 12.axb3 O-O 13.Nf2 exd5 14.Nxd5 Nxd5 15.exd5
Re8+ 16.Kf1 Qb6 17.Nd3 Qb5 {#R} 0-1

[Event "It \"]
[Site "masterchessopen.com - masterchessopen.com - Las Vegas (USA)"]
[Round "5"]
[White "Schutt Ricardo (BRA)"]
[Black "Wagner Claude (FRA)"]
[Result "1-0"]
[WhiteElo "2140"]
[BlackElo "2415"]

1.d4 Nf6 2.c4 c5 3.d5 b5 4.cxb5 a6 5.f3 axb5 6.e4 Qa5+ 7.Bd2 b4 8.Na3 d6 9.Nc4
Qd8 10.a3 bxa3 11.Rxa3 Rxa3 12.bxa3 e6 13.Ba5 Qd7 14.Qb3 exd5 15.exd5 Qe7+
16.Kf2 Na6 17.Qb5+ Nd7 18.Qc6 {#r} 1-0

[Event "It (open)"]
[Site "masterchessopen.com - masterchessopen.com - Lenk (Switzerland)"]
[Round "1"]
[White "Saladin Thomas (SUI)"]
[Black "Schmid Roland (SUI)"]
[Result "1-0"]
[WhiteElo "2200"]
[BlackElo "2003"]

1.d4 Nf6 2.c4 c5 3.d5 b5 4.cxb5 a6 5.Nc3 axb5 6.e4 b4 7.Nb5 Nxe4 8.Qe2 d6
9.Qxe4 g6 10.Bf4 e5 11.dxe6 d5 12.Qe5 f6 13.Nc7+ Ke7 14.Nxd5+ Ke8 15.Bb5+ Nd7
16.exd7+ {#r} 1-0

[Event "It (a)"]
[Site "masterchessopen.com - masterchessopen.com - Mravinci (Croatia)"]
[Round "0"]
[White "Cvorovic Drazen (CRO)"]
[Black "Horvath Csaba (HUN)"]
[Result "0-1"]
[WhiteElo "2425"]
[BlackElo "2530"]

1.d4 Nf6 2.c4 c5 3.d5 b5 4.cxb5 a6 5.b6 e6 6.Nc3 exd5 7.Nxd5 Nxd5 8.Qxd5 Nc6
9.Bg5 Qxb6 10.O-O-O Rb8 11.Rd2 d6 12.b3 Be6 13.Qe4 d5 14.Rxd5 c4 15.Qxc4 Ba3+
16.Kb1 O-O 17.e4 Bxd5 18.exd5 Nb4 19.Bd3 Rbc8 20.Qe4 Nxd3 21.Qxd3 Qf6 {#R} 0-1

[Event "Ch Netherlands (team) 1995/96"]
[Site "masterchessopen.com - masterchessopen.com - Netherlands"]
[Round "1"]
[White "Delemarre Jop (NED)"]
[Black "Nieuwenhuis Pieter (NED)"]
[Result "1-0"]
[WhiteElo "2320"]
[BlackElo "2315"]

1.d4 Nf6 2.c4 c5 3.d5 b5 4.cxb5 a6 5.b6 a5 6.Nc3 Ba6 7.f4 d6 8.Nf3 Nbd7 9.b7
Rb8 10.e4 Bxf1 11.Rxf1 Qb6 12.e5 dxe5 13.fxe5 Ng4 14.e6 fxe6 15.Ng5 h5 16.dxe6
Rxb7 17.exd7+ Rxd7 18.Qb3 {#r} 1-0

[Event "It (open)"]
[Site "masterchessopen.com - masterchessopen.com - Recklinghausen (Germany)"]
[Round "1"]
[White "Wessiepe KS"]
[Black "Buchholz Peter"]
[Result "0-1"]
[WhiteElo "1785"]
[BlackElo "2170"]

1.d4 Nf6 2.c4 c5 3.d5 b5 4.cxb5 a6 5.b6 d6 6.Nc3 Qxb6 7.e4 g6 8.f4 Bg7 9.Bd2
O-O 10.Be2 Nbd7 11.g4 Rb8 12.g5 Ne8 13.Rb1 Nc7 14.h4 e6 15.Bc4 Qb7 16.h5 Nb6
17.hxg6 hxg6 18.b3 exd5 19.Bd3 dxe4 {#R} 0-1

[Event "Ch World (juniors)"]
[Site "masterchessopen.com - masterchessopen.com - Sao Lourenco (Brazil)"]
[Round "5"]
[White "Taffal Fuad (JOR)"]
[Black "Batsanin Dmitry (RUS)"]
[Result "0-1"]
[WhiteElo "2082"]
[BlackElo "2441"]

1.d4 Nf6 2.c4 c5 3.d5 b5 4.cxb5 a6 5.e3 g6 6.Nc3 Bg7 7.Nf3 O-O 8.Bc4 axb5
9.Bxb5 Ba6 10.Bxa6 Nxa6 11.O-O d6 12.e4 Nd7 13.Qe2 Qb6 14.Nd2 Nc7 15.Nb3 h6
16.Kh1 Rfb8 17.Be3 Nb5 18.Qc2 Ne5 19.Nxb5 Qxb5 20.Rfb1 Qd3 21.Qc3 Qxe4 {#R}
0-1

[Event "Ch NATO"]
[Site "masterchessopen.com - masterchessopen.com - Gausdal (Norway)"]
[Round "4"]
[White "Ludden Gert-Jan (NED)"]
[Black "Nilsson Erik (DEN)"]
[Result "1-0"]
[WhiteElo "2262"]
[BlackElo "2117"]

1.d4 Nf6 2.c4 c5 3.d5 b5 4.cxb5 a6 5.Nc3 axb5 6.e4 b4 7.Nb5 d6 8.Bf4 g5 9.Bxg5
Nxe4 10.Bf4 Qa5 11.Bc4 Ba6 12.Qe2 Kd8 13.Qxe4 Bxb5 14.Ne2 Bg7 15.Bxb5 Qxb5
16.Bc1 Nd7 17.O-O Ne5 18.Nf4 Ng6 19.Re1 Be5 20.Nxg6 {#r} 1-0

[Event "Ch Berlin (team) 1995/96"]
[Site "masterchessopen.com - masterchessopen.com - Berlin (Germany)"]
[Round "0"]
[White "Barwich Alfred (GER)"]
[Black "Mollier Michael"]
[Result "0-1"]
[WhiteElo "1976"]
[BlackElo "2015"]

1.d4 Nf6 2.c4 c5 3.d5 b5 4.cxb5 a6 5.e3 axb5 6.Bxb5 Bb7 7.Bc4 e6 8.dxe6 Bxg2
9.exf7+ Ke7 10.e4 d6 11.Nc3 ( 11.Bg5 Qa5+ 12.Nc3 Bxh1 13.Qg4 Nd7 14.Qe6+ Kd8
15.O-O-O Kc7 16.Nb5+ Kb8 17.Nxd6 ) 11...Bxh1 12.Nd5+ Kd7 13.Nxf6+ Qxf6 14.Qd5
Nc6 15.Ne2 Qe5 16.Ng3 Qxd5 17.Bxd5 Bf3 18.Be3 g6 19.b4 Bg7 20.Rc1 Nxb4 21.Bxa8
{#R} 0-1

[Event "Tournament (open)"]
[Site "masterchessopen.com - masterchessopen.com - Burjassot (Spain)"]
[Round "0"]
[White "Cogollos Borras Santiago (ESP)"]
[Black "Barry Bertomeu Enrique (ESP)"]
[Result "0-1"]
[WhiteElo "2038"]
[BlackElo "1929"]

1.d4 Nf6 2.c4 c5 3.d5 b5 4.cxb5 a6 5.e3 d6 6.Nc3 axb5 7.Bxb5+ Bd7 8.Bxd7+
Nbxd7 9.Nge2 g6 10.O-O Bg7 11.f4 O-O 12.e4 Qb6 13.h3 Rfb8 14.Kh1 Ne8 15.Qc2
Nc7 16.Rb1 Nb5 17.Na4 Qa6 18.Nac3 Nxc3 19.bxc3 Rxb1 {#R} 0-1

[Event "It (open)"]
[Site "masterchessopen.com - masterchessopen.com - Dieren (Netherlands)"]
[Round "5"]
[White "Mikhalevski Victor (ISR)"]
[Black "Hendriks Willy (NED)"]
[Result "1-0"]
[WhiteElo "2500"]
[BlackElo "2430"]

1.d4 Nf6 2.c4 c5 3.d5 b5 4.cxb5 a6 5.b6 d6 6.Nc3 g6 7.Nf3 Bg7 8.e4 O-O 9.Be2
Bg4 10.Nd2 Bxe2 11.Qxe2 Nbd7 12.b7 Ra7 13.O-O Ne8 14.Nc4 Ne5 15.Na5 Nf6
16.b8=Q Qxb8 17.f4 {#r} 1-0

[Event "Bundesliga (2nd) West 1996/97"]
[Site "masterchessopen.com - masterchessopen.com - Germany"]
[Round "0"]
[White "Levin Felix (GER)"]
[Black "Nothnagel Holger (GER)"]
[Result "1-0"]
[WhiteElo "2475"]
[BlackElo "2309"]

1.d4 Nf6 2.c4 c5 3.d5 b5 4.cxb5 a6 5.b6 a5 6.Nc3 Ba6 7.Nf3 d6 8.e4 Bxf1 9.Kxf1
Nbd7 10.Qa4 g6 11.e5 dxe5 12.Nxe5 Bg7 13.b7 Rb8 14.Nc6 Qc7 15.Bf4 Qxb7 16.Nxb8
Qxb2 17.Rc1 O-O 18.Nxd7 Nxd7 19.Qb3 {#r} 1-0

[Event "It (open)"]
[Site "masterchessopen.com - masterchessopen.com - Leiner"]
[Round "2"]
[White "Farago Ivan (HUN)"]
[Black "Boronyak Arpad (HUN)"]
[Result "1-0"]
[WhiteElo "2515"]
[BlackElo "2233"]

1.d4 Nf6 2.c4 c5 3.d5 b5 4.cxb5 a6 5.e3 Bb7 6.Nc3 axb5 7.Bxb5 e6 8.e4 Qa5
9.Qe2 Be7 10.Bd2 Qc7 11.Nf3 O-O 12.d6 Bxd6 13.e5 Bxe5 14.Nxe5 Bxg2 15.Rg1 Bb7
16.Bh6 Ne8 17.O-O-O Ba6 18.Bxa6 Rxa6 19.Rxg7+ Nxg7 20.Rg1 {#r} 1-0

[Event "Ch Slovakia"]
[Site "masterchessopen.com - masterchessopen.com - Martin (Slovakia)"]
[Round "9"]
[White "Kurta Jozef (SVK)"]
[Black "Matejovic Juraj (SVK)"]
[Result "1-0"]
[WhiteElo "2034"]
[BlackElo "2243"]

1.d4 Nf6 2.c4 c5 3.d5 b5 4.cxb5 a6 5.Nc3 d6 6.e4 axb5 7.Bxb5+ Bd7 8.Bxd7+
Nbxd7 9.Nf3 g6 10.O-O Bg7 11.Qe2 O-O 12.h3 Qa5 13.Bf4 Nh5 14.Bh2 Bxc3 15.bxc3
Qxc3 16.e5 dxe5 17.Nxe5 Nb6 18.Rfc1 Qd4 19.Nc6 Qg7 20.Nxe7+ Kh8 {#r} 1-0

[Event "It (open)"]
[Site "masterchessopen.com - masterchessopen.com - Pula (Croatia)"]
[Round "0"]
[White "Lazovic Gordan (CRO)"]
[Black "Licardo Renato (CRO)"]
[Result "1-0"]
[WhiteElo "2310"]
[BlackElo "2200"]

1.d4 Nf6 2.c4 c5 3.d5 b5 4.cxb5 a6 5.Nc3 axb5 6.e4 b4 7.Nb5 d6 8.Bf4 Nbd7
9.Nf3 Ba6 10.e5 Qb6 11.a4 Ne4 12.Bd3 dxe5 13.Nxe5 Nd6 14.Nc4 Nxc4 15.Bxc4 Bxb5
16.axb5 Qb7 17.Ra6 Nb6 18.Qa1 e6 19.O-O Be7 20.Rxb6 {#r} 1-0

[Event "Ch Switzerland (team)"]
[Site "masterchessopen.com - masterchessopen.com - Switzerland"]
[Round "9"]
[White "Adler Joel (SUI)"]
[Black "Kaenel Hansjuerg (SUI)"]
[Result "0-1"]
[WhiteElo "2265"]
[BlackElo "2405"]

1.d4 Nf6 2.c4 c5 3.d5 b5 4.cxb5 a6 5.f3 axb5 6.e4 Qa5+ 7.Bd2 b4 8.Na3 d6 9.Nc4
Qc7 10.a3 e6 11.dxe6 Bxe6 12.Bf4 Bxc4 13.Bxc4 bxa3 14.Qb3 Nc6 15.Ne2 Rb8
16.Bb5 axb2 17.Ra6 Kd8 18.Ra2 Nb4 19.Nc3 Nd3+ {#R} 0-1